Central Library OPAC University of Rajshahi

Up-to-date world's transistors-diodes thyristors & IC's comparison tables A-Z. (Record no. 79784)

MARC details
000 -LEADER
fixed length control field 00679nam a2200241 a 4500
001 - CONTROL NUMBER
control field 79784
003 - CONTROL NUMBER IDENTIFIER
rucl marc code BD-RjUL
005 - DATE AND TIME OF LATEST TRANSACTION
control field 20220511154654.0
008 - FIXED-LENGTH DATA ELEMENTS--GENERAL INFORMATION
fixed length control field 220511s1994 ii ||||| |||| 00| 0 eng d
035 ## - SYSTEM CONTROL NUMBER
System control number (BD-RjUL)79784
040 ## - CATALOGING SOURCE
Original cataloging agency BD-RjUL
Language of cataloging eng
Transcribing agency BD-RjUL
041 ## - LANGUAGE CODE
Language code of text/sound track or separate title eng
082 ## - DEWEY DECIMAL CLASSIFICATION NUMBER
Edition number 23
Classification number 621.38152
Author mark and year UPT 1994
245 ## - TITLE STATEMENT
Title Up-to-date world's transistors-diodes thyristors & IC's comparison tables A-Z.
260 ## - PUBLICATION, DISTRIBUTION, ETC. (IMPRINT)
Place of publication, distribution, etc. New Delhi :
Name of publisher, distributor, etc. BPD / ECA ,
Date of publication, distribution, etc. 1994
300 ## - PHYSICAL DESCRIPTION
Pagination v.;
Illustrations ill.;
Size 15 cm.
505 01 - FORMATTED CONTENTS NOTE
Formatted contents note Vol. 1--
650 ## - SUBJECT ADDED ENTRY--TOPICAL TERM
Topical term or geographic name as entry element Semiconductors
9 (RLIN) 2941
Topical term or geographic name as entry element Thyristors
9 (RLIN) 2942
Topical term or geographic name as entry element Transistors
9 (RLIN) 2943
Topical term or geographic name as entry element Diodes, Semiconductor
9 (RLIN) 2944
942 ## - ADDED ENTRY ELEMENTS (KOHA)
Source of classification or shelving scheme Dewey Decimal Classification
Koha item type Books
Holdings
Lost status Source of classification or shelving scheme Damaged status Not for loan Collection code Permanent Location Current Location Shelving location Date acquired Source of acquisition Cost, normal purchase price Full call number Date last seen Copy number Koha item type
  Dewey Decimal Classification   Not For Loan Non-fiction Central Library, University of Rajshahi Central Library, University of Rajshahi Reading Room 11/11/1996 Dhaca: Book House 312.00 621.38152 UPT V-1 1994 11/05/2022 C-1 Books